01557nam a2200373Ia 4500001001200000003000800012006001900020007001500039008004100054010001700095020003900112040002100151035002100172050002800193100002600221245014700247260005200394300001700446490003600463504005300499533015200552650004100704650002700745650003300772650003200805650003900837651005100876651003000927655002900957710001700986830003701003856012601040999001701166ebr10354016CaPaEBRm u cr cn|||||||||090210s2009 riu sb 001 0 eng d z 2009005935 z9781930675612 (cloth : alk. paper) aCaPaEBRcCaPaEBR a(OCoLC)58739187414aDS135.F83bK3745 2009eb1 aKaplan, Zvi Jonathan.10aBetween the devil and the deep blue sea?h[electronic resource] :bFrench Jewry and the problem of church and state /cby Zvi Jonathan Kaplan. aProvidence, RI :bBrown Judaic Studies,cc2009. aviii, 140 p.1 aBrown Judaic studies ;vno. 352 aIncludes bibliographical references and indexes. aElectronic reproduction.bPalo Alto, Calif. :cebrary,d2011.nAvailable via World Wide Web.nAccess may be limited to ebrary affiliated libraries. 0aJewszFrancexHistoryy19th century. 0aJewszFrancexHistory. 0aSecularismzFrancexHistory. 0aReligion and statezFrance. 0aChurch and statezFrancexHistory. 0aFrancexPolitics and governmenty19th century. 0aFrancexEthnic relations. 7aElectronic books.2local2 aebrary, Inc. 0aBrown Judaic studies ;vno. 352.40uhttp://site.ebrary.com/lib/rucke/Doc?id=10354016zAn electronic book accessible through the World Wide Web; click to view c33879d33879